[Event "RUS-ch rapid (Women)"]
[White "Bodnaruk, Anastasia"]
[Black "Belkova, Diana"]
[Site "Sochi"]
[Round "6"]
[Result "1-0"]
[Date "2019.10.16"]
[WhiteElo "2449"]
[BlackElo "2030"]
[PlyCount "73"]
[EventDate "2019.10.15"]
[EventType "swiss"]
[EventRounds "11"]
[EventCountry "RUS"]
[SourceTitle "CBM 192 Extra"]
[Source "Chessbase"]
[SourceDate "2019.11.06"]
[SourceVersion "1"]
[SourceVersionDate "2019.11.06"]
[SourceQuality "1"]

1. e4 c5 2. Nf3 Nc6 3. d4 cxd4 4. Nxd4 g6 5. c4 Nf6 6. Nc3 Nxd4 7. Qxd4 d6 8. Be3 Bg7 9. f3 0-0 10. Qd2 Be6 11. Rc1 Qa5 12. Be2 Rfc8 13. b3 a6 14. 0-0 b5 15. Nd5 Qxd2 16. Bxd2 Nxd5 17. cxd5 Bd4+ 18. Kh1 Bd7 19. Bd3 Rxc1 20. Rxc1 Rc8 21. Rxc8+ Bxc8 22. g3 f6 23. Kg2 Kf7 24. f4 e6 25. dxe6+ Bxe6 26. Kf3 d5 27. f5 dxe4+ 28. Kxe4 Bg1 29. fxe6+ Kxe6 30. Be3 Bxe3 31. Kxe3 Kd5 32. Be4+ Kc5 33. a3 a5 34. g4 a4 35. bxa4 bxa4 36. Bc2 Kb5 37. Kd4 1-0

[Event "RUS-ch blitz (Women)"]
[White "Belkova, Diana"]
[Black "Vasilevich, Tatjana"]
[Site "Sochi"]
[Round "1"]
[Result "1-0"]
[Date "2017.10.02"]
[WhiteElo "1962"]
[BlackElo "2360"]
[PlyCount "65"]
[EventDate "2017.10.02"]
[EventType "swiss (blitz)"]
[EventRounds "20"]
[EventCountry "RUS"]
[SourceTitle "EXT 2018"]
[Source "ChessBase"]
[SourceDate "2017.10.13"]
[SourceVersion "1"]
[SourceVersionDate "2017.10.13"]
[SourceQuality "1"]

1. e4 c5 2. Nf3 a6 3. c3 e6 4. d4 d5 5. e5 Bd7 6. Be3 Qb6 7. Qd2 Nc6 8. Bd3 Nh6 9. 0-0 Ng4 10. dxc5 Bxc5 11. Bxc5 Qxc5 12. Qf4 h5 13. Qg5 g6 14. Nbd2 Qe7 15. Qxe7+ Kxe7 16. Rae1 Rhc8 17. Nb3 b5 18. a3 Rc7 19. h3 Nh6 20. Ng5 Rb8 21. f4 a5 22. Nf3 b4 23. axb4 axb4 24. cxb4 Rxb4 25. Nc5 Rxf4 26. Nxd7 Rxd7 27. Bb5 Rc7 28. Rc1 Kd7 29. Rc5 Nf5 30. Rd1 Nfe7 31. Rdc1 Rb4 32. Kf2 Ke8 33. R1c2 1-0

[Event "Novokuznetsk SFO-ch U19 Girls"]
[White "Belkova, Diana"]
[Black "Piskunova, Maria"]
[Site "Novokuznetsk"]
[Round "7"]
[Result "1/2-1/2"]
[Date "2014.11.08"]
[WhiteElo "1943"]
[BlackElo "1847"]
[PlyCount "102"]
[EventDate "2014.11.02"]
[EventType "swiss"]
[EventRounds "9"]
[EventCountry "RUS"]
[SourceTitle "CBM 163 Extra"]
[Source "ChessBase"]
[SourceDate "2014.12.23"]
[SourceVersion "1"]
[SourceVersionDate "2014.12.23"]
[SourceQuality "1"]

1. e4 d6 2. d4 Nf6 3. Nc3 Nbd7 4. f4 e5 5. Nf3 exd4 6. Qxd4 c6 7. Be3 d5 8. exd5 Bc5 9. Qd3 Qe7 10. Nd4 Nb6 11. dxc6 Ng4 12. cxb7 Nxe3 13. bxa8Q Nxa8 14. Kd2 Bxd4 15. Qxd4 Nf5 16. Qe4 Qxe4 17. Nxe4 0-0 18. Bd3 Nb6 19. g3 Bb7 20. Rhe1 Rd8 21. b3 Nd4 22. Kc3 Kf8 23. Rad1 Nf3 24. Rf1 Nxh2 25. Rh1 Nd5+ 26. Kb2 Ne3 27. Ra1 Neg4 28. Rxh2 Nxh2 29. Rh1 f5 30. Rxh2 fxe4 31. Bc4 h6 32. Kc3 Ke7 33. Rh5 Rd6 34. a4 Rg6 35. Bd5 Bc8 36. Bxe4 Rxg3+ 37. Kd4 Rg1 38. Rc5 Kd8 39. Re5 Rf1 40. Ke3 a6 41. Bd5 g5 42. fxg5 Re1+ 43. Kd4 Rxe5 44. Kxe5 hxg5 45. c4 Kc7 46. c5 a5 47. c6 g4 48. Kf4 Kd6 49. Be4 Be6 50. Bg2 Bxb3 51. Kxg4 Bxa4 1/2-1/2